Functionally graded polyurethane elastomers prepared by electrophoresis of monomer (Record no. 59636)

MARC details
000 -LEADER
fixed length control field 00535nam a2200145Ia 4500
100 ## - MAIN ENTRY--AUTHOR NAME
Personal name Furukawa M
245 #0 - TITLE STATEMENT
Title Functionally graded polyurethane elastomers prepared by electrophoresis of monomer
260 ## - PUBLICATION, DISTRIBUTION, ETC. (IMPRINT)
Name of publisher International Rubber Conference 1997. Rubber Science and Technology: Improving Quality of Life, Kuala Lumpur, Malaysia 6-9 Oct 1997; p1015-1021
650 ## - SUBJECT ADDED ENTRY--TOPICAL TERM
Topical Term Electrophoresis
650 ## - SUBJECT ADDED ENTRY--TOPICAL TERM
Topical Term Polyurethane elastomers
700 ## - ADDED ENTRY--PERSONAL NAME
Personal name Okazaki T
700 ## - ADDED ENTRY--PERSONAL NAME
Personal name Shiba T
942 ## - ADDED ENTRY ELEMENTS (KOHA)
Koha item type Journals
Holdings
Withdrawn status Lost status Damaged status Not for loan Home library Current library Shelving location Date acquired Koha item type
      Journals RRII Library RRII Library Rubber chemistry 17/12/2021 Journals